000 00304nam a22001337a 4500
008 170508b xxu||||| |||| 00| 0 eng d
020 _a9780495505440
041 _aeng
080 _25TH
_a343.9
100 _a15
101 _aSHJ
245 _aCRIMINAL JUSTICE IN ACTION
_cGAINES, L.H
942 _2udc
_cBK
999 _c12907
_d12907